| 000 | 00522nam a2200181Ia 4500 | ||
|---|---|---|---|
| 008 | 220216s9999 xx 000 0 und d | ||
| 100 | _aShalyganov E F | ||
| 245 | 0 | _aResource-maximising and ecologically safe technology for the recycling of used tyres | |
| 260 |
_bInternational Polymer Science and Technology _c2006 |
||
| 300 | _a19-21 | ||
| 650 | _aTyre processing | ||
| 650 | _aTyre recycling | ||
| 700 | _aAnisimov P V | ||
| 700 | _aBorisov E M | ||
| 700 | _aBorisov I E | ||
| 700 | _aYazev V A | ||
| 942 | _cJS | ||
| 999 |
_c66834 _d66834 |
||